• 首页
  • 本馆介绍
  • 公告通知
  • 最新文献
  • 馆藏检索
  • 电子资源
  • 读者导购
  • 参考咨询
  • 我的图书馆
  • 登录
  • 详细信息显示
  • 放入我的书架
  • 预约/预借图书
  • 作者相关作品
  • 分类相关作品
  • 丛书相关作品
  • 出版社相关作品

书目信息

  • 表格格式
  • 工作单格式
  • 卡片格式
题名:
21世纪公民国防观
    
 
作者: 武国禄 著
分册:  
出版信息: 北京   军事科学出版社  1998
页数: 329页
开本: 20cm
丛书名:
单 册:
中图分类: G481
科图分类:
主题词: 学校--教育建筑 , 学校--设备
电子资源:
ISBN:
000 00612nam0 2200229 450
001 0741243623
005 20070710110237.23
010    @dCNY24.00
091    @b580137-016
100    @a20070704d1998 km y0chiy0120 ea
101 0  @achi
102    @aCN@b110000
102    @aCN@b110000
200 1  @a21世纪公民国防观@A21 shi ji gong min guo fang guan@f武国禄著@Fwu guo lu zhu
210    @a北京@c军事科学出版社@d1998@h1999
215    @a329页@d20cm
606 0  @a学校@x教育建筑
606 0  @a学校@x设备
690    @aG481@v3
701  0 @a武国禄@Awu guo lu@4著
801  0 @aCN@bPFT@c20070710
905    @a10447@dG481@e7
    
    21世纪公民国防观/武国禄著.-北京:军事科学出版社,1998(1999)
    329页;20cm
    
    
    ISBN :CNY24.00
    
●
相关链接 在E读中查询图书 在五车中查询图书 在当当中查询图书 在豆瓣中查询图书


正题名:21世纪公民国防观     索取号:G481/7         预约/预借

序号 登录号 条形码 馆藏地/架位号 状态 备注
1 0765237   207652379   第一样本阅览室/ [索取号:G481/7] 在馆    
唐山师范学院图书馆 欢迎您!
大连网信软件有限公司© 版权所有